[Event "27th Kavala Open 2018"]
[Site "Kavala"]
[Date "2018.08.06"]
[Round "2"]
[White "Giannoulakis, Lampros"]
[Black "Ivanov, Sergey"]
[Result "1/2-1/2"]
[WhiteElo "2287"]
[BlackElo "2535"]
[Annotator "TA"]
[PlyCount "159"]
[EventDate "2018.08.06"]
[EventType "swiss"]
[EventCountry "GRE"]
[SourceTitle "playchess.com"]
[Source "ChessBase"]
[SourceQuality "1"]

{[%evp 27,159,12,38,0,22,25,18,0,0,-25,-7,-30,-7,-19,-29,-33,-7,-7,-7,-28,-19,-19,-7,-25,0,0,0,-12,-10,-22,0,0,11,12,101,100,93,93,93,93,74,41,37,35,220,137,427,421,614,593,606,621,613,227,248,202,195,175,154,145,151,172,160,135,127,147,122,130,167,162,174,157,131,22,20,5,45,46,50,0,58,8,8,30,35,0,95,56,52,62,62,65,94,71,160,0,27,0,0,0,0,0,0,0,0,0,0,0,0,0,0,0,0,0,0,0,0,0,0,0,0,0,0,0,6070,0,0,0,0,0,0,0,0,0]} 1. d4 Nf6 2. c4 e6 3. Nc3 Bb4 4. e3 c5 5. Bd3 Nc6 6. Nf3 Bxc3+ 7. bxc3 d6 8. e4 e5 9. d5 Ne7 10. Nh4 h6 11. f4 Ng6 12. Nxg6 fxg6 13. O-O O-O 14. Qe1 Qe7 {LiveBook: 3 Games. E41: Nimzo-Indian: Rubinstein: 4...c5 5 Bd3, including Hübner Variation} 15. Rb1 b6 16. fxe5 $146 ({Predecessor:} 16. h3 Ba6 17. Rb2 exf4 18. Bxf4 Nxd5 19. Bxd6 Qxd6 20. Rxf8+ Rxf8 21. exd5 Bc8 22. Re2 Bd7 {½-½ (22) Zilberman,Y (2460)-Van der Wiel,J (2555) Leeuwarden 1994}) 16... dxe5 {White has an edge.} 17. Be3 Bd7 18. Rb2 g5 19. Rbf2 Rf7 20. Bc1 Raf8 21. Qe2 Ne8 22. Rxf7 Rxf7 23. Rxf7 Qxf7 24. Be3 Nd6 25. h3 Bc8 26. Bf2 Qf4 27. Be3 Qf6 28. Bf2 Ba6 29. Bg3 Kf8 30. a4 Nb7 (30... Bc8 $11 {keeps the balance.}) 31. Qg4 $1 $16 {[%cal Rg4c8] And now Qc8+ would win.} Nd6 32. Qd7 Bxc4 33. Bxc4 Nxc4 34. Qxa7 Qg6 35. Qb8+ Qe8 $2 (35... Kf7 $1 $14) 36. Qc7 $18 Qe7 $2 {[%mdl 8192]} (36... Qxa4 $16 37. Kh2 (37. Bxe5 Nxe5 38. Qxe5 Qd1+ 39. Kh2 Qf1 $14) 37... Qc2) 37. Qc8+ Kf7 (37... Qe8 $142 38. Qa6 Nd2) 38. Qa6 $1 Nd6 39. Qxb6 Nxe4 40. Be1 $2 (40. a5) 40... Qd7 41. Qb3 g4 42. hxg4 Qxg4 43. d6+ (43. Qb7+ Kg6 $14) 43... Kf6 44. Qc4 $1 {[%cal Rc4d3]} ({Stronger than} 44. Qd5 Qe2 $11) 44... Kf5 45. Qd3 c4 46. Qf1+ Ke6 47. Qxc4+ Kxd6 48. a5 Qf4 49. Qd3+ Kc6 50. c4 ({White should play} 50. Qa6+ $16 Kd7 51. Qd3+ Kc6 52. a6) 50... Nf6 $1 $11 51. Qb3 Qd4+ 52. Kh1 {Qa4+ is the strong threat.} Qa1 53. Qb4 e4 (53... Ng4 $11) 54. Qb6+ Kd7 $132 {[%mdl 2048] Black is not keeping still} 55. Qb5+ Ke6 56. Qb6+ Kf5 (56... Kd7 $1 $11 57. Qb4 Ng4) 57. Qe3 Ng4 58. Qc3 Qd1 59. Qd2 Qa1 $1 ({Don't play} 59... Qxd2 $6 60. Bxd2 e3 61. Bc3 $16) 60. c5 e3 {[#]} (60... Ne5 $142) 61. Qe2 $2 (61. Qc3 $1 $16 {[%cal Rc3a1]} Qa4 62. Kg1 (62. Qxg7 Qd1 $11)) 61... Qe5 {[%csl Gg4][%cal Re5h2]} 62. Qf3+ Kg5 {[%csl Gg4][%cal Re5h2]} 63. g3 {Strongly threatening c6.} Qxc5 64. a6 h5 {aiming for ...Qc2.} 65. Qf4+ Kg6 {( -> ...Qc2)} 66. Qe4+ Kh6 67. Qf4+ g5 68. Qe4 Qc1 69. Qe6+ Kg7 70. Qe7+ Kg6 71. Qd6+ Kf5 72. Qd3+ Ke6 $1 73. Qc3 Qb1 $1 74. Qc6+ Kf5 75. Qc8+ Ke4 $2 {[%mdl 8192] [#]} (75... Kg6 $11 76. Qe6+ Kg7 77. Qd7+ Kf6 78. Qd6+ Kf5 79. Qd7+ Kg6 80. Qe6+ Kg7 81. Qe7+ Kg6 82. Qe6+) 76. Qc6+ $2 (76. Qb7+ $1 $18 Qxb7 77. axb7) 76... Kf5 {The position is equal.} 77. Qc8+ Kg6 78. Qe6+ Kg7 79. Qe7+ Kg6 80. Qe6+ {Precision: White = 56%, Black = 41%.} 1/2-1/2

[Event "27th Kavala Open 2018"]
[Site "Kavala"]
[Date "2018.08.06"]
[Round "2"]
[White "Avramidou, Anastasia"]
[Black "Kelires, Andreas"]
[Result "0-1"]
[WhiteElo "2271"]
[BlackElo "2531"]
[Annotator "TA"]
[PlyCount "108"]
[EventDate "2018.08.06"]
[EventType "swiss"]
[EventCountry "GRE"]
[SourceTitle "playchess.com"]
[Source "ChessBase"]
[SourceQuality "1"]

{[%evp 22,108,17,17,27,0,15,6,20,19,20,18,18,-42,-16,0,0,0,40,-9,-8,-11,-14,-15,-18,-18,18,14,16,21,45,14,114,8,8,18,29,-49,-8,-8,-9,-164,-160,-170,-163,-160,-160,-385,-370,-343,-329,-322,-323,-324,-321,-325,-298,-278,-251,-310,-299,-270,-280,-405,-376,-466,-462,-393,-383,-4829,-4829,-4829,-4829,-29984,-29985,-29985,-29986,-29986,-296,-297,0,-29986,-29987,-29986,-29963,-29989,-29983,-29983,-199]} 1. d4 Nf6 2. c4 e6 3. Nf3 c5 4. d5 d6 5. Nc3 exd5 6. cxd5 g6 7. Bf4 Bg7 8. Qa4+ Bd7 9. Qb3 Qc7 10. h3 {A61: Benoni} (10. Nd2 Nh5 11. Be3 O-O 12. g3 Na6 13. Bg2 f5 14. Nf3 f4 15. Bc1 c4 16. Qd1 Qb6 17. Ne4 Rae8 {0-1 (29) Lenic,L (2662)-Kelires,A (2523) Batumi 2018}) 10... O-O 11. e3 Na6 {[%cal Bb8a6,Ba6b4,Bb4d3,Bd3b2][%mdl 32]} 12. Nd2 {LiveBook: 10 Partien. Die Stellung ist ausgeglichen.} Rfd8 13. Be2 b5 $146 ({Vorgänger:} 13... Rab8 14. Nc4 Be8 15. a4 Nb4 16. Rd1 Qe7 17. O-O b6 {½-½ (51) Gerusel,M (2178)-Grimm,S (2310) Germany 2012}) 14. Bxb5 Rab8 15. a4 Nb4 16. O-O Nd3 {[#] Droht stark ...a6!} 17. Qc4 (17. Bg5 $11) 17... Nxb2 18. Qa2 Bxb5 19. Nxb5 Qe7 20. Rab1 Nd3 21. Bxd6 Rxd6 22. Nxd6 Nb4 23. Rxb4 $1 Rxb4 24. Nb5 a6 25. Nc3 Nd7 26. Qc2 h5 (26... Qe5 $11 27. Rc1 Qxc3 28. Qxc3 Bxc3 29. Rxc3 Rxa4) 27. Rb1 (27. Nce4 $16) 27... Qe5 $36 {[%mdl 2048] Schwarz drückt.} 28. Rxb4 cxb4 29. Na2 (29. Nce4 $11) 29... a5 {[%mdl 1024] Schwarz hat Kompensation.} 30. Qc8+ Nf8 {Droht ...Db2 und aus.} 31. Qc4 $2 (31. Nc1 $11 {und Weiss ist OK.}) 31... Qb2 $19 32. Nf1 Qa3 33. Nc1 Qxa4 34. Nb3 $2 (34. Nd3 $17) 34... Qa2 35. Nfd2 a4 36. Qxb4 axb3 37. Nxb3 Qb1+ 38. Kh2 Qf5 39. Qd2 g5 40. Nc5 Be5+ 41. g3 h4 42. Nd3 (42. Kg2 {ist der einzige Weg für Weiss..}) 42... Bc7 43. e4 Qxe4 {Weiss muss nun ...Sg6 beachten.} 44. Qxg5+ Ng6 {( -> ...hxg3+)} 45. Qg4 $2 (45. d6 Bxd6 46. Qd8+ Bf8 47. g4) 45... hxg3+ 46. fxg3 Qxd3 47. Qc8+ Kg7 48. Qxc7 Qe2+ 49. Kh1 Qe1+ $2 (49... Ne5 {setzt Matt} 50. Qc3 Kh7 51. Qa1 Nf3 52. Qb1+ Kg8 53. Qg1 Nxg1 54. Kxg1 Kg7 55. h4 Kf6 56. d6 Ke6 57. h5 Qxh5 58. Kf2 Kxd6 59. Ke3 Qg4 60. Kd3 Kd5 61. Ke3 Qxg3+ 62. Kd2 Kd4 63. Kc2 Qc3+ 64. Kd1 Qb2 65. Ke1 Ke3 66. Kf1 Qf2#) 50. Kh2 Qe2+ $2 {[#]} (50... Qf2+ $19 51. Kh1 Qe1+ 52. Kg2 Qe2+ 53. Kh1 Ne5) 51. Kh1 Ne5 {Schwarz setzt Matt.} 52. Qc3 f6 53. g4 Qf1+ 54. Kh2 Qf2+ {Precision: Weiß = 31%, Schwarz = 49%.} 0-1

[Event "27th Kavala Open 2018"]
[Site "Kavala"]
[Date "2018.08.06"]
[Round "2"]
[White "Alexakis, Dimitris"]
[Black "Dimitrov, Radoslav"]
[Result "0-1"]
[WhiteElo "2266"]
[BlackElo "2518"]
[Annotator "TA"]
[PlyCount "120"]
[EventDate "2018.08.06"]
[EventType "swiss"]
[EventCountry "GRE"]
[SourceTitle "playchess.com"]
[Source "ChessBase"]
[SourceQuality "1"]

{[%evp 11,120,11,12,7,22,14,12,9,20,10,13,0,11,-2,-2,-11,129,130,140,132,136,128,134,135,135,135,135,135,129,100,138,88,93,94,116,7,35,-75,-77,-259,-233,-225,-224,-264,-246,-410,-416,-454,-446,-442,-432,-457,-410,-412,-394,-525,-368,-358,-343,-354,-360,-318,-252,-252,-251,-223,-194,-196,-190,-632,-630,-626,-622,-614,-603,-733,-718,-665,-641,-1953,-1778,-1329,-1947,-1991,-1933,-6406,-5501,-2670,-2137,-1808,-1678,-12846,-12847,-12850,-12851,-12851,-29979,-12851,-12851,-12851,-12851,-12851,-29985,-12851,-29983,-12851,-29981,-12851,-29981,-12851,-29985]} 1. e4 c6 2. Nc3 d5 3. Nf3 Nf6 4. e5 Ne4 5. d4 Qa5 (5... Nxc3 6. bxc3 c5 7. Rb1 Nc6 8. dxc5 e6 9. Bd3 Bxc5 10. O-O h6 11. Qe2 O-O 12. c4 Nb4 13. Be3 Nxd3 14. cxd3 Bxe3 15. Qxe3 dxc4 16. dxc4 {½-½ (32) Short,N (2698)-Tari,A (2588) Douglas 2017}) 6. Bd2 {B11: Caro-Kann: Two Knights Variation} Nxd2 {LiveBook: 6 Games} 7. Nxd2 Bf5 8. f4 $146 {[%cal Bf2f4,Bf4f5][%mdl 32] The position is equal.} ({Predecessor:} 8. h4 h6 9. g4 Bh7 10. h5 e6 11. Nb3 Qc7 12. f4 Nd7 13. Bd3 Bxd3 14. cxd3 {½-½ (52) Musaev,R (2292)-Juhasz,K (2348) Budapest 2014}) 8... e6 9. Nb3 {[%cal Bd2b3,Bb3c1,Bc1e2,Be2d4][%mdl 32]} Qb6 10. g4 Bg6 $1 11. Bh3 {Threatening f5.} c5 12. f5 $36 {[%mdl 2048] White has good play.} c4 13. Nc1 $1 {[%cal Rc1e2]} Qxb2 (13... Nc6 $1 $11 14. N1e2 (14. fxg6 hxg6 15. Bg2 Nxd4 $15) 14... exf5) 14. N1e2 $16 Bb4 15. O-O $1 {Black must now prevent Nb5.} Bxc3 16. Rb1 Qa3 {...Ba5 is the strong threat.} 17. fxg6 hxg6 18. Rf3 Bxd4+ ({Don't go for} 18... Rxh3 $2 19. Rxh3 Bxd4+ 20. Kg2 $18) 19. Nxd4 Qe7 20. Qc1 O-O 21. Qa3 Qxa3 22. Rxa3 {aiming for g5.} Nc6 23. c3 ({White has to play} 23. Nxc6 $16 bxc6 24. Kf2) 23... Rfb8 24. Nb5 {[#]} (24. Nxc6 $14 {stays ahead.} bxc6 25. Rxb8+ Rxb8 26. Rxa7) 24... a6 $1 $17 {[%cal Ra6b5,Ba7a6,Ba6a5,Ba5b4][%mdl 1056] Black has strong compensation.} 25. Nd6 $2 {[#]} (25. Nd4 $17 {might work better.}) 25... b5 $1 $19 ({Not} 25... Nxe5 26. Rxb7 Rxb7 27. Nxb7 $17) 26. Re1 Kf8 27. g5 Ke7 28. Kg2 $2 (28. Re2) 28... a5 29. Kg3 b4 30. cxb4 axb4 31. Rf3 Ra3 32. Rxa3 bxa3 33. Re3 {[#]} Nxe5 $1 {[%mdl 512]} 34. Nxf7 (34. Rxe5 Kxd6) 34... Nxf7 35. Bxe6 {[%mdl 4096] Endgame KRB-KRN} d4 ({Inferior is} 35... Nxg5 36. Bxd5+ Kd6 37. Bxc4 $11) 36. Re1 Nxg5 37. Bxc4+ Kd6 38. Kf4 Rc8 39. Bb3 Nh3+ 40. Kg3 $2 (40. Kg4 Nf2+ 41. Kf3 Rf8+ 42. Kg3) 40... Rc3+ 41. Kh4 g5+ 42. Kh5 d3 {And now ...Rxb3! would win.} 43. Ba4 Rc4 44. Bb3 Rb4 45. Rd1 Ke5 46. Kg6 {[#]} Rxb3 $1 47. axb3 {KR-KN} a2 48. b4 Nf2 49. Ra1 d2 50. Rxa2 d1=Q {( -> ...Qb1+)} 51. Rxf2 {KQ-KR} Qb1+ 52. Kxg7 Qxb4 53. Rf7 Qh4 54. Kg6 g4 55. Rf5+ Ke6 56. Rg5 Qh3 57. Kg7 Qc3+ 58. Kg6 Qd3+ 59. Kg7 Qh3 60. Kg6 Qh4 {Precision: White = 38%, Black = 69%.} 0-1

[Event "27th Kavala Open 2018"]
[Site "Kavala"]
[Date "2018.08.06"]
[Round "2"]
[White "Grigoriadis, Mihail"]
[Black "Magalashvili, Davit"]
[Result "0-1"]
[WhiteElo "2230"]
[BlackElo "2508"]
[Annotator "TA"]
[PlyCount "68"]
[EventDate "2018.08.06"]
[EventType "swiss"]
[EventCountry "GRE"]
[SourceTitle "playchess.com"]
[Source "ChessBase"]
[SourceQuality "1"]

{[%evp 24,68,12,11,27,22,39,-15,-7,-10,-15,-20,-16,-17,-12,-41,-48,-65,-66,-80,-75,-139,-127,-116,-124,-150,-152,-181,-166,-182,-169,-183,-181,-224,-222,-223,-205,-209,-209,-242,-196,-276,-263,-250,-233,-1022,-889]} 1. e4 c5 2. Nf3 d6 3. d4 cxd4 4. Nxd4 Nf6 5. Nc3 Nc6 6. Bc4 e6 7. Be3 Be7 8. O-O a6 9. Qe2 Nxd4 10. Bxd4 b5 11. Bb3 Bb7 12. Rad1 O-O 13. a3 {LiveBook: 3 Games} Rc8 {B88: Sicilian: Sozin Attack} (13... Qb8 14. f3 Bc6 15. Qf2 a5 16. Rfe1 b4 17. axb4 axb4 18. Nd5 {½-½ (18) Gomez Garrido,C (2504)-Vera Gonzalez Quevedo,R (2446) Panama City 2013}) 14. f4 {[%cal Bf2f4,Bf4e5][%mdl 32]} Qe8 $146 ({Predecessor:} 14... Qc7 15. f5 e5 16. Bf2 Qb8 17. Bh4 Bc6 18. Bxf6 Bxf6 19. Qd2 a5 20. Nd5 Bxd5 21. Bxd5 {½-½ (54) Komiagina,M (2341)-Chistiakova,T (2351) Orel 2006}) 15. e5 ({White should try} 15. Rd3 $14) 15... dxe5 $11 {The position is equal.} 16. fxe5 Nd7 17. Ne4 Bxe4 $1 18. Qxe4 Nc5 19. Qe3 Nxb3 20. cxb3 b4 21. Rf3 Qc6 22. Rdf1 (22. axb4 $142 Bxb4 23. Rdf1) 22... bxa3 $17 23. bxa3 Bxa3 24. Rg3 {[#] Threatening mate with Qh6.} Rfd8 {[%cal Bf8d8,Bd8d7,Bd7c7][%mdl 32]} 25. Qf4 Rd7 ({Don't play} 25... Qd7 26. Be3 $17) 26. Be3 Bf8 27. h3 Qd5 28. Rc1 Rxc1+ 29. Bxc1 Rc7 ({Much less strong is} 29... Qd1+ 30. Kh2) 30. Kh2 f5 31. Bd2 Rc2 32. Be3 (32. Bb4 {was necessary.}) 32... Qxb3 $19 33. Bc5 Qc4 34. Qe3 $2 {[#]} (34. Qxc4 Rxc4 35. Bxf8 Kxf8 36. Ra3) 34... Qxc5 {Precision: White = 23%, Black = 93%.} 0-1

[Event "27th Kavala Open 2018"]
[Site "Kavala"]
[Date "2018.08.06"]
[Round "2"]
[White "Skaperdas, Kostantinos"]
[Black "Hasangatin, Ramil"]
[Result "0-1"]
[WhiteElo "2213"]
[BlackElo "2491"]
[Annotator "TA"]
[PlyCount "100"]
[EventDate "2018.08.06"]
[EventType "swiss"]
[EventCountry "GRE"]
[SourceTitle "playchess.com"]
[Source "ChessBase"]
[SourceQuality "1"]

{[%evp 14,100,52,-24,-14,-27,-14,-26,-26,-14,-15,-14,-12,-66,-66,-82,-71,-63,-74,-69,-33,-153,-153,-143,-142,-127,-136,-154,-150,-158,-158,-188,-186,-183,-198,-197,-199,-202,-189,-204,-197,-218,-198,-268,-262,-301,-289,-328,-328,-328,-325,-322,-297,-298,-279,-264,-240,-234,-209,-306,-298,-298,-270,-266,-240,-378,-303,-725,-712,-807,-814,-825,-764,-728,-702,-1438,-1223,-1975,-1910,-29977,-29979,-29979,-29980,-29980,-29981,-29980,-29981,-29981,-29981]} 1. Nf3 Nf6 2. c4 g6 3. Nc3 d5 4. cxd5 Nxd5 5. e4 Nxc3 6. bxc3 Bg7 7. d4 c5 8. Qa4+ {LiveBook: 3 Games. D85: Exchange Grünfeld: Unusual White 7th moves and lines with 7 Nf3} (8. Be3 $14) (8. h3 O-O 9. Be3 Qa5 10. Bd2 cxd4 11. cxd4 Qa3 12. Be2 Nc6 13. d5 Nd4 14. Nxd4 Bxd4 15. Rb1 Qxa2 16. O-O Bf6 {1-0 (25) Yu,Y (2759)-Svidler,P (2753) Shenzhen 2018}) 8... Nc6 $11 9. Be3 O-O 10. Rd1 {The position is equal.} Bd7 {[%cal Bc8d7,Bd7a4,Ba4c2][%mdl 32] ...Nxd4 is the strong threat.} 11. Qa3 Qa5 12. Qxa5 Nxa5 13. Ne5 $146 ({White should try} 13. Be2 $11) ({Predecessor:} 13. Bd3 Rfc8 14. Ke2 cxd4 15. cxd4 Nc4 {½-½ (67) Efimov,I (2480)-Nielsen,P (2585) Ohrid 2001}) 13... Ba4 $15 14. Rb1 Bc2 15. Rb5 b6 $36 {[%mdl 2048] White is under strong pressure.} 16. Bd3 Ba4 17. Rb1 {[#]} ({White has to play} 17. Rb2 $15) 17... Bxe5 $1 $17 18. dxe5 Rfd8 19. Be2 Bc2 20. Rc1 Bxe4 21. f3 Bd3 22. Bxd3 Rxd3 23. Ke2 Rd5 24. f4 Nc4 25. Rhd1 Rad8 26. Rxd5 Rxd5 $19 {[%mdl 4096] Endgame KRB-KRN} 27. Rc2 Kf8 28. Bc1 (28. Rc1 $142) 28... Ke8 29. g3 Kd7 30. Be3 Ke6 31. g4 h5 32. h3 hxg4 33. hxg4 {[#]} g5 $1 {[%mdl 512]} 34. f5+ (34. fxg5 Rxe5) 34... Kxe5 35. Bxg5 f6 36. Bh6 (36. Bc1 {was necessary.}) 36... Ke4 37. Kf2 {intending Re2+.} Ne5 38. Re2+ Kd3 39. Rd2+ (39. Re3+ {was the only defense.} Kc2 40. Kg3) 39... Kc4 40. Kg3 $2 (40. Rxd5 Kxd5 41. Kg3) 40... Rxd2 41. Bxd2 {KB-KN} Kd3 42. g5 {[#]} fxg5 $1 43. Bxg5 Nc6 44. Kg4 Kxc3 45. Kh5 Kb2 46. Bxe7 Nxe7 {Black mates.} 47. f6 Ng8 48. f7 Nf6+ 49. Kg6 Nd7 50. Kf5 c4 {Precision: White = 26%, Black = 87%.} 0-1

[Event "27th Kavala Open 2018"]
[Site "Kavala"]
[Date "2018.08.06"]
[Round "2"]
[White "Nikolaou, Spiridon"]
[Black "Petrov, Martin"]
[Result "1/2-1/2"]
[WhiteElo "2207"]
[BlackElo "2456"]
[Annotator "TA"]
[PlyCount "93"]
[EventDate "2018.08.06"]
[EventType "swiss"]
[EventCountry "GRE"]
[SourceTitle "playchess.com"]
[Source "ChessBase"]
[SourceQuality "1"]

{[%evp 24,93,21,20,37,29,37,28,27,37,43,19,48,24,16,33,27,-12,77,90,87,68,106,81,152,145,143,147,137,145,134,152,146,122,173,185,243,65,61,33,31,32,100,4,22,16,63,21,20,0,0,0,3,0,0,0,0,0,0,0,0,0,0,0,0,0,0,0,0,0,0,0]} 1. d4 Nf6 2. c4 e6 3. Nc3 Bb4 4. e3 O-O 5. Bd3 d5 6. Nf3 c5 7. O-O Nc6 8. a3 Bxc3 9. bxc3 dxc4 10. Bxc4 Qc7 11. Bb2 e5 12. h3 e4 13. Nd2 $1 {LiveBook: 55 Partien. E59: Nimzoindisch (Moderne Variante)} Rd8 (13... b6 14. Bb5 Na5 15. c4 cxd4 16. Bxd4 Qe7 17. c5 a6 18. Ba4 bxc5 19. Bc3 Nb7 20. Bc6 Ra7 {1-0 (46) Ponomariov,R (2734)-Naiditsch,A (2684) Dortmund 2010 CBM 138 [Krasenkow,M]}) 14. Qe2 Bf5 15. Nb3 {[#] Weiß steht etwas besser.} cxd4 $146 ({Vorgänger:} 15... b6 16. Rfd1 h6 17. Bb5 cxd4 18. cxd4 Qd6 19. d5 Nxd5 20. Nd4 Nxd4 21. Rxd4 {1-0 (55) Ostriker,J (2504)-Novak,J (2530) ICCF email 2010}) 16. cxd4 Nd5 17. Rac1 Rd6 18. f4 (18. Nd2 {with more complications.} Qe7 19. f3 exf3 20. Rxf3 Bg6 21. e4) 18... Rad8 19. Bxd5 Rxd5 20. Rc5 Be6 (20... Rxc5 $11 {hält das Gleichgewicht.} 21. Nxc5 b6) 21. f5 $16 Bc8 22. Qg4 $36 {[%mdl 2048] Weiss hat Initiative.} Qd6 23. Qxe4 Ne7 (23... Rxc5 $142 24. Nxc5 b6) 24. Rxd5 Nxd5 {[#]} 25. Qf3 $1 Qb6 26. e4 {[%cal Be3e4,Be4e5][%mdl 32]} Nf6 27. e5 Nd5 28. Rf2 Ne7 (28... Qh6 $16 29. Bc1 Qc6) 29. f6 $18 Nf5 (29... gxf6 {war einen Versuch wert.} 30. exf6 Ng6) 30. fxg7 $2 (30. g4 $18 Nh4 31. Qe3) 30... Be6 $14 31. Nc5 Nxd4 32. Qf6 Nf3+ (32... Nf5 $1 $14 33. Ne4 Rd1+ 34. Kh2 Qe3 35. Rxf5 Qg1+ 36. Kg3 Qe3+ 37. Rf3 Qxe4) 33. Qxf3 (33. Rxf3 $16 Rd1+ 34. Kh2 Qxc5 35. Bc3) 33... Qxc5 $11 34. Kh2 Rd3 35. Qxd3 Qxf2 {Die Stellung ist ausgeglichen.} 36. Qd8+ Kxg7 37. Qg5+ Kf8 38. Bc3 {[#] Beabsichtigt Lb4+ und Matt.} Ke8 $1 39. Bb4 {[%csl Gb4][%cal Rg5e7]} Kd7 40. Qe7+ Kc6 41. Qd6+ Kb5 42. Qd3+ Kc6 43. Qc3+ Kd5 44. Qd3+ Kc6 45. Qc3+ Kd5 46. Qd3+ Kc6 47. Qc3+ {Precision: Weiß = 49%, Schwarz = 44%.} 1/2-1/2

[Event "27th Kavala Open 2018"]
[Site "Kavala"]
[Date "2018.08.06"]
[Round "2"]
[White "Papadopoulos, Panayotis"]
[Black "Sandalakis, Angelos"]
[Result "0-1"]
[WhiteElo "2191"]
[BlackElo "2444"]
[Annotator "TA"]
[PlyCount "100"]
[EventDate "2018.08.06"]
[EventType "swiss"]
[EventCountry "GRE"]
[SourceTitle "playchess.com"]
[Source "ChessBase"]
[SourceQuality "1"]

{[%evp 15,100,9,11,-40,-37,-45,-27,-26,-29,-37,0,-26,7,-12,25,-110,-112,-100,-103,-117,-87,-85,-80,-86,-78,-85,-33,-44,-55,-68,-72,-94,-10,-103,-92,-145,-114,-120,-70,-144,-147,-143,-76,-108,-116,-145,-117,-459,-399,-385,-265,-266,-256,-428,-427,-604,-604,-554,-393,-422,-421,-427,-427,-486,-483,-485,-490,-489,-477,-482,-472,-474,-460,-427,-420,-405,-402,-402,-396,-587,-587,-575,-565,-533,-535,-595,-585]} 1. d4 Nf6 2. Bf4 e6 3. e3 c5 4. c3 Nc6 5. Nd2 d5 6. Ngf3 cxd4 7. exd4 {D02: Damenbauernspiele} Nh5 8. Bg5 (8. Be3 Bd6 9. Bd3 Nf4 10. Bxf4 Bxf4 11. g3 Bd6 12. O-O O-O 13. Re1 Bd7 14. h4 h6 {1-0 (44) Caruana,F (2822)-Aronian,L (2767) chess.com INT 2018}) 8... f6 {LiveBook: 43 Partien} 9. Ne5 (9. Be3 $11 Bd6 10. g3) 9... g6 $15 10. g4 Nxe5 $146 ({Vorgänger:} 10... Ng7 11. Nxc6 bxc6 12. Bh6 e5 13. Qe2 e4 14. f3 f5 {½-½ (38) Bonner,G (2129)-Jennings,R (1913) Dundee 2017}) 11. dxe5 fxg5 12. gxh5 Qc7 13. Bb5+ Kd8 14. Qe2 $1 Bg7 15. h6 (15. h4 $11) 15... Bxe5 $17 16. O-O-O a6 17. Ba4 Rf8 18. Rhe1 Bf4 19. Kb1 b5 (19... Bxh2 $6 20. Nf3 $14) 20. Bb3 Qf7 (20... Bxh2 21. Nf3 $16) (20... Rb8 $17 21. Nf3 Rb6) 21. c4 bxc4 22. Nxc4 Kc7 $36 {[%cal Bd8c7,Bc7b8,Bb8a7][%mdl 2080] Weiss steht unter starkem Druck.} (22... Bxh2 23. Nb6 $11) 23. Ne3 {[%cal Rd1d5]} Bb7 (23... Kb8 $17 {...Ta7 ist eine echte Drohung.} 24. Nc2 Bd7) 24. Rc1+ (24. Nc2 $1 $11) 24... Kb8 {Droht stark ...d4.} 25. Qd2 (25. Rc2 $142) 25... Qd7 26. Qa5 Bc7 27. Qb4 (27. Qc3 $15) 27... Rf4 28. Qc3 Bb6 (28... Rxf2 $6 29. Ng4 $11) ({Lieber} 28... a5 {Und ...d4 würde nun gewinnen.} 29. Qg7 Rf7 30. Qh8+ Ka7 31. Qd4+ Bb6) 29. Qe5+ Ka7 30. Qxg5 Rxf2 31. Nxd5 $2 {[%mdl 8192] [#]} (31. Qe5 $17 {ist zäher.}) 31... exd5 ({Finger weg von} 31... Bxd5 32. Bxd5 Rf5 33. Qh4 $19) 32. Re7 Qf5+ ({Nicht} 32... Bd4 33. Rc7 $16) 33. Qxf5 Rxf5 (33... gxf5 34. Bxd5 Rb8 35. Rxh7 $17) 34. Ba4 $2 (34. Rxh7 {ist eine bessere Verteidigung.} Rh5 35. Re1) 34... Raf8 $19 35. Bc6 (35. Rxh7 $142 R5f7 36. Rxf7 Rxf7 37. Rc3) 35... R8f7 36. Rce1 {beabsichtigt Lxb7.} Bc7 37. Be8 Rxe7 38. Rxe7 Re5 ({Keinesfalls} 38... Rf1+ 39. Kc2 $19) 39. Rxh7 Re1+ (39... Rxe8 $2 40. Rxc7 Re2 41. h3 $19) 40. Kc2 Rxe8 41. Rxc7 {[%mdl 4096] Endspiel KTL-KT} Re2+ 42. Kd3 Rxh2 43. h7 Kb6 44. Rg7 Bc6 45. Kd4 Rh4+ 46. Ke5 Kc5 47. a3 (47. b4+ $142 Kxb4 48. Kd6) 47... d4 {[#] zielt auf ...d3 ab.Schwarz steht klar auf Gewinn.} 48. b4+ Kc4 49. Rc7 Kb5 50. a4+ Kb6 {Precision: Weiß = 28%, Schwarz = 46%.} 0-1